书目信息 |
| 题名: |
正方反方
|
|
| 作者: | 余培侠 主编 | |
| 分册: | 下册 | |
| 出版信息: | 北京 人民出版社 2007.07 |
|
| 页数: | 339-684页 | |
| 开本: | 23cm | |
| 丛书名: | ||
| 单 册: | ||
| 中图分类: | H019 | |
| 科图分类: | ||
| 主题词: | 辩论--bian lun--语言艺术 | |
| 电子资源: | ||
| ISBN: | 978-7-01-006274-7 | |
| 000 | 00933nam0 2200253 450 | |
| 001 | 012008177378 | |
| 005 | 20080507082414.90 | |
| 010 | @a978-7-01-006274-7@dCNY33.00 | |
| 100 | @a20080507d2007 em y0chiy0120 ea | |
| 101 | 0 | @achi |
| 102 | @aCN@b110000 | |
| 105 | @ay z 000yy | |
| 106 | @ar | |
| 200 | 1 | @a正方反方@Azheng fang fan fang@h下册@f余培侠主编@Fyu pei xia zhu bian |
| 210 | @a北京@c人民出版社@d2007.07 | |
| 215 | @a339-684页@d23cm | |
| 312 | @a版权页题副题名: 中央辩论: 大学生即兴现场舌战交锋实录 | |
| 330 | @a本书内容包括:国际网络、社会与职业、人文社科、经济竞合、鸡蛋游戏、知识与人才、信息高速路、伦理道德。 | |
| 517 | 1 | @a中央辩论: 大学生即兴现场舌战交锋实录@Azhong yang bian lun:da xue sheng ji xing xian chang she zhan jiao feng shi lu |
| 606 | 0 | @a辩论@Abian lun@x语言艺术 |
| 690 | @aH019@v4 | |
| 701 | 0 | @a余培侠@Ayu pei xia@4主编 |
| 801 | 0 | @aCN@bQSSK@c20080507 |
| 905 | @b705621-22@dH019@eY763:2@f2 | |
| 正方反方.下册/余培侠主编.-北京:人民出版社,2007.07 |
| 339-684页;23cm |
| ISBN 978-7-01-006274-7:CNY33.00 |
| 本书内容包括:国际网络、社会与职业、人文社科、经济竞合、鸡蛋游戏、知识与人才、信息高速路、伦理道德。 |
| ● |
| 相关链接 |
|
|
|
正题名:正方反方
索取号:H019/Y763:2
 
预约/预借
| 序号 | 登录号 | 条形码 | 馆藏地/架位号 | 状态 | 备注 |
| 1 | 705621 | 207056219 | 语言库209/209语言库 64排3列5层/ [索取号:H019/Y763:2] | 在馆 | |
| 2 | 705622 | 207056228 | 语言库209/209语言库 64排3列5层/ [索取号:H019/Y763:2] | 在馆 |